00644 2200229 4500001002100000005001500021035002000036007000300056008004100059020001800100082001000118084001600128100002200144245008100166260004500247300003700292650001600329700001900345520002600364990001200390990001200402INLIS00000000000171020180312111536 a0010-0318000053ta180312 g 0 ind  a9786023756674 a492.7 a492.7 EFR e0 aEFRANJY, Agratama1 aExpress Mudah Belajar Bahasa Arab /cEfranjy Agratama; editor, Trian Lesmana aJakarta :bGramedia Pustaka Utama,c2016 axiv, 160 hlm. :bilus. ;c21 cm. aBAHASA ARAB0 aTRIAN, Lesmana abibliografi: hlm. 160 a16460 a a16460 b